Thermodynamics (Record no. 7801)

000 -LEADER
fixed length control field 00495nam a22002057a 4500
001 - CONTROL NUMBER
control field 7801
003 - CONTROL NUMBER IDENTIFIER
control field BD-DhUET
008 - FIXED-LENGTH DATA ELEMENTS--GENERAL INFORMATION
fixed length control field 141212b xxu||||| |||| 00| 0 eng d
040 ## - CATALOGING SOURCE
Transcribing agency 0
Modifying agency BD-DhUET
082 ## - DEWEY DECIMAL CLASSIFICATION NUMBER
Classification number 621.01
Item number OBE/1963
100 ## - MAIN ENTRY--PERSONAL NAME
Personal name Obert, Edward F.
245 ## - TITLE STATEMENT
Title Thermodynamics
250 ## - EDITION STATEMENT
Edition statement 2nd ed.
260 ## - PUBLICATION, DISTRIBUTION, ETC. (IMPRINT)
Place of publication, distribution, etc. New York
Name of publisher, distributor, etc. McGraw-Hill Book
Date of publication, distribution, etc. 1963
300 ## - PHYSICAL DESCRIPTION
Extent xxi,596p.
504 ## - BIBLIOGRAPHY, ETC. NOTE
Bibliography, etc Includes bibliographies
650 #0 - SUBJECT ADDED ENTRY--TOPICAL TERM
Topical term or geographic name as entry element Thermodynamics
700 ## - ADDED ENTRY--PERSONAL NAME
Personal name Gaggioli, Richard A.
942 ## - ADDED ENTRY ELEMENTS (KOHA)
Koha item type General Book
Holdings
Koha normalized classification for sorting Not for loan Source of classification or shelving scheme Damaged status Lost status Sublocation or collection (holding branch) Price effective from Copy number Shelving location Koha full call number Koha date last seen Date acquired Location (home branch) Koha item type Withdrawn status Piece designation (barcode)
621_010000000000000_OBE_1963    Central Library, BUET2014-12-121Circulation section621.01/OBE/19632014-12-122014-12-12Central Library, BUETGeneral Book 6402
621_010000000000000_OBE_1963    Central Library, BUET2014-12-122Circulation section621.01/OBE/19632014-12-122014-12-12Central Library, BUETGeneral Book 6403
621_010000000000000_OBE_1963    Central Library, BUET2014-12-123Circulation section621.01/OBE/19632014-12-122014-12-12Central Library, BUETGeneral Book 15731
621_010000000000000_OBE_1963    Central Library, BUET2014-12-124Circulation section621.01/OBE/19632014-12-122014-12-12Central Library, BUETGeneral Book 18703
621_010000000000000_OBE_1963    Central Library, BUET2014-12-125Circulation section621.01/OBE/19632014-12-122014-12-12Central Library, BUETGeneral Book 18706
621_010000000000000_OBE_1963    Central Library, BUET2014-12-126Circulation section621.01/OBE/19632014-12-122014-12-12Central Library, BUETGeneral Book 18708
621_010000000000000_OBE_1963    Central Library, BUET2014-12-127Circulation section621.01/OBE/19632014-12-122014-12-12Central Library, BUETGeneral Book 18705
621_010000000000000_OBE_1963    Central Library, BUET2014-12-128Circulation section621.01/OBE/19632014-12-122014-12-12Central Library, BUETGeneral Book 18702
621_010000000000000_OBE_1963    Central Library, BUET2015-04-129Circulation section621.01/OBE/19632015-04-122015-04-12Central Library, BUETGeneral Book 18707